000 00537cam a22002172a 4500
001 006733
003 AR-FADEU
008 311216n1960####xxu####################dd
092 _a304.6
_bS262
100 _aSauvy, Alfred
245 _aLa población : sus movimientos, sus leyes
260 _aBuenos Aire
260 _bEUDEBA
260 _c1960
300 _a63 p. : graf., tab
440 _aCuadernos
_n28
500 _aIncluye bibliografía
700 _aJuan Carlos, Larralde, tr.
650 _aPOBLACION
942 _cBDGR
999 _c12552
_d12552